00741cam a2200217 a 450000100100000000500170001000800410002702000150006804000180008304300120010108200190011310000360013224500550016826000370022330000340026050000810029450400550037565000260043065000360045660000310049200001128120200929162416.0971027s1997 mx a b 001 0 spa  a9683909523 aDO-SdBNPcDLC an-mx--- a615.856bC198n1 aCampos Navarro, Roberto.d1951-10aNosotros los curanderos /cRoberto Campos-Navarro. aMéxico :bNueva Imagen,c1997. axi, 316 p. ; :bil. ;c23 cm. a"Experiencias de una curandera tradicional en el México de hoy"--Half t.p. aIncluye referencias bibliográficas (p. 305-316). 4aCuranderoszMéxico. 4aMedicina tradicionalzMéxico.10aMartínez, Marina,d1935-